ბათუმის შოთა რუსთაველის სახელმწიფო უნივერსიტეტის ბიბლიოთეკა

ტექნიკური ტექსტი - ლინგვისტური მახასიათებლები, თარგმნის პრობლემები : (ბიბ.ჩანაწერი № 40649)

000 -ლიდერი
ფიქსირებული სიგრძის საკონტროლო ველი 01467nam a2200277Ia 4500
001 - საკონტროლო ნომერი
საკონტროლო ველი 7277
003 - საკონტროლო ნომრის იდენტიფიკატორი
საკონტროლო ველი GE_BSU
005 - ბოლო ოპერაციის თარიღი და დრო
საკონტროლო ველი 20191217165356.0
008 - ფიქსირებული სიგრძის მონაცემთა ელემენტები - ზოგადი ინფორმაცია
ფიქსირებული სიგრძის საკონტროლო ველი 181216s2012||||ge |||||||||||||| ||geo||
020 ## - წიგნის საერთაშორისო სტანდარტული ნომერი
International Standard Book Number 9789941434144
040 ## - კატალოგიზაციის წყარო
Transcribing agency GE_BSU
041 ## - ენის კოდი
Language code of text/sound track or separate title geo
080 ## - უნივერსალური ათობითი კლასიფიკაციის ინდექსი
Universal Decimal Classification number 81'255=111'276.6:62=353.1 თ-46
100 ## - მთავარი ჩანაწერი - პიროვნების სახელი
Personal name თენეიშვილი, ანა
9 (RLIN) 5847
245 ## - ცნობა სათაურის შესახებ
Title ტექნიკური ტექსტი - ლინგვისტური მახასიათებლები, თარგმნის პრობლემები :
Remainder of title (ელექტრომექანიკის, მექანიკის და გეოლოგიის დარგების მასალაზე) /
Statement of responsibility, etc ანა თენიეშვილი ; რედ. გიორგი ყუფარაძე.
264 ## - წარმოების, გამოცემის, დისტრიბუციის და სხვა ცნობები
გამოცემის, წარმოების, დისტრიბუციის... ადგილი ბათუმი :
გამოცემის, წარმოების, დისტრიბუციის... სახელწოდება შოთა რუსთაველის უნი-ტის გამ-ბა,
გამოცემის, წარმოების, დისტრიბუციის... თარიღი 2012.
300 ## - ფიზიკური აღწერა
Extent 270 გვ. ;
Other physical details 20 სმ.
501 ## - შენიშვნა თანმხლებ მასალაზე
With note დანართი: გვ. 222-269.
504 ## - BIBLIOGRAPHY, ETC. NOTE
Bibliography, etc ბიბლიოგრ.: გვ. 212-221.
520 ## - SUMMARY, ETC.
Summary, etc რეზ. ინგლ..
653 ## - INDEX TERM--UNCONTROLLED
Uncontrolled term თარგმნა ინგლისური ენიდან
653 ## - INDEX TERM--UNCONTROLLED
Uncontrolled term ტექნიკური თარგმანი
700 ## - ADDED ENTRY--PERSONAL NAME
Personal name ყუფარაძე, გიორგი
Relator term რედაქტორი
9 (RLIN) 5064
942 ## - ADDED ENTRY ELEMENTS (KOHA)
Koha item type წიგნი
Source of classification or shelving scheme
ეგზემპლარები
ჩამოწერის სტატუსი დაკარგული ეგზემპლარის სტატუსი კლასიფიკაციის წყარო ან თაროზე გაწყობის სქემა დაზიანების სტატუსი არ გაიცემა მუდმივი მდებარეობა (დაცვის ადგილი) ამჟამინდელი ადგილსამყოფელი თაროზე განთავსების ადგილი შეძენის თარიღი ღირებულება, შესყიდვის ნორმალური ფასი სრული შენახვის შიფრი შტრიხკოდი ბოლო ოპერაციის თარიღი ეგზემპლარის მიმდევრობითი ნომერი (კეტერი?) ფასის ძალაში შესვლის თარიღი ეგზემპლარის სახეობა საჯარო შენიშვნა
          ბათუმის შოთა რუსთაველის სახელმწიფო უნივერსიტეტის მთავარი ბიბლიოთეკა ბათუმის შოთა რუსთაველის სახელმწიფო უნივერსიტეტის მთავარი ბიბლიოთეკა წიგნსაცავი 2018-12-17 10.92 81'255=111'276.6:62=353.1 თ-46 7080 2018-12-17 7080 2018-12-17 წიგნი 10 ლ. 92 თ.
          ბათუმის შოთა რუსთაველის სახელმწიფო უნივერსიტეტის მთავარი ბიბლიოთეკა ბათუმის შოთა რუსთაველის სახელმწიფო უნივერსიტეტის მთავარი ბიბლიოთეკა წიგნსაცავი 2018-12-17 10.92 81'255=111'276.6:62=353.1 თ-46 7081 2018-12-17 7081 2018-12-17 წიგნი 10 ლ. 92 თ.
          ბათუმის შოთა რუსთაველის სახელმწიფო უნივერსიტეტის მთავარი ბიბლიოთეკა ბათუმის შოთა რუსთაველის სახელმწიფო უნივერსიტეტის მთავარი ბიბლიოთეკა წიგნსაცავი 2018-12-17 10.92 81'255=111'276.6:62=353.1 თ-46 7082 2018-12-17 7082 2018-12-17 წიგნი 10 ლ. 92 თ.
          ბათუმის შოთა რუსთაველის სახელმწიფო უნივერსიტეტის მთავარი ბიბლიოთეკა ბათუმის შოთა რუსთაველის სახელმწიფო უნივერსიტეტის მთავარი ბიბლიოთეკა წიგნსაცავი 2018-12-17 10.92 81'255=111'276.6:62=353.1 თ-46 7083 2018-12-17 7083 2018-12-17 წიგნი 10 ლ. 92 თ.
          ბათუმის შოთა რუსთაველის სახელმწიფო უნივერსიტეტის მთავარი ბიბლიოთეკა ბათუმის შოთა რუსთაველის სახელმწიფო უნივერსიტეტის მთავარი ბიბლიოთეკა წიგნსაცავი 2018-12-17 10.92 81'255=111'276.6:62=353.1 თ-46 7084 2018-12-17 7084 2018-12-17 წიგნი 10 ლ. 92 თ.